Futsal-Weltrangliste - Statistiken

Allgemein
  • Dieses Quiz wurde 368 mal gespielt
    37 seit der letzten Aktualisierung
  • Das Durchschnittsergebnis liegt bei 12 aus 20
Antwortstatistiken
Rang Punkte Land % Korrekt
2. 1679 Spanien
97%
4. 1642 Argentinien
92%
1. 1887 Brasilien
92%
10. 1408 Frankreich
89%
3. 1647 Portugal
89%
11. 1396 Italien
81%
16. 1322 Japan
72%
14. 1353 Polen
64%
5. 1623 Russland
64%
12. 1364 Kroatien
58%
17. 1306 Uruguay
58%
19. 1286 Serbien
50%
7. 1573 Ukraine
50%
14. 1353 Tschechien
44%
6. 1584 Iran
36%
13. 1363 Paraguay
31%
18. 1288 Venezuela
31%
8. 1570 Marokko
28%
20. 1284 Slowenien
28%
9. 1474 Kasachstan
22%
Keine übereinstimmenden Quizze gefunden
Verteilung der Resultate
Anzahl Personen mit jedem Resultat
Perzentil nach korrekt beantworteten Fragen
Ihre Resultats-Entwicklung
Sie haben dieses Quiz seit der letzten Aktualisierung nicht gespielt